000
00313nam a2200133Ia 4500
008
231017s9999 xx 000 0 und d
082
_a
343.94HAW
082
_b
HAW
245
0
_a
Competency and Capability Matrix for Regulators
245
0
_c
Austroads
260
_b
Austroads
300
_c
30cm
942
_c
REP
999
_c
604958
_d
604958